Statistics for 2020 NASCAR Season Review

Click here to take the quiz!

General Stats

  • This quiz has been taken 65 times
  • The average score is 22 of 30

Answer Stats

QuestionAnswer% Correct
To start the season, which driver suffered from a bruised brain after a horrific wreck coming to the checkered flag at the Daytona 500?Ryan Newman
96%
Who won the Daytona 500?Denny Hamlin
94%
Which driver was suspended by NASCAR and fired by his car owner for using a racial slur while running in a virtual race on iRacing?Kyle Larson
94%
Who won the championship in the Cup Series?Chase Elliott
92%
This sports superstar announced that he and Denny Hamlin will be fielding a Cup Series team with driver Bubba Wallace in 2021.Michael Jordan
92%
At the All-Star Race, what rule did NASCAR try after receiving encouragement from drivers such as Martin Truex, Jr., Joey Logano, and Austin Dillon? This rule was later implemented at all tracks except for road courses and superspeedways.Choice of lane on restarts
90%
NASCAR made headlines by banning what at all of its events?The Confederate flag
90%
Who won the championship in the Xfinity Series?Austin Cindric
88%
Which driver replaced the above for the rest of the 2020 season?Matt Kenseth
88%
NASCAR fans knew that 2020 would be Jimmie Johnson's final season. Which other Cup driver announced that 2020 would also be his final season?Clint Bowyer
86%
By virtue of winning at Kentucky and being the only rookie in the playoffs, who was the Rookie of the Year in the Cup Series?Cole Custer
86%
Who was the Regular Season Champion in the Cup Series?Kevin Harvick
86%
For the first time since 1986, the All-Star Race was not held at Charlotte Motor Speedway. At which track was the All-Star Race run?Bristol Motor Speedway
82%
Who won the Brickyard 400 at Indianapolis Motor Speedway?Kevin Harvick
82%
Who was the Rookie of the Year in the Xfinity Series?Harrison Burton
80%
Which Xfinity driver said at the beginning of the season that he would need to win 8-10 races to move up to the Cup Series? He won 9 and will drive in the Cup Series next season.Chase Briscoe
78%
Which of the following Cup Series playoff drivers was NOT eliminated after the Round of 8?Brad Keselowski
76%
Who won the championship in the Gander RV & Outdoors Truck Series?Sheldon Creed
76%
After Kyle Busch won his 7th-straight Gander RV & Outdoors Truck Series start, Kevin Harvick placed a "bounty" on him. Who won the bounty?Chase Elliott
71%
At which track did NASCAR resume racing after the COVID-19 hiatus?Darlington Raceway
71%
Who won the Southern 500 at Darlington Raceway?Kevin Harvick
69%
Which of the following tracks DID NOT lose a race date due to the COVID-19 schedule realignment?Kentucky Speedway
63%
Which of the following Cup Series playoff drivers was NOT eliminated after the Round of 12?Kurt Busch
63%
Who won the Coca-Cola 600 at Charlotte Motor Speedway?Brad Keselowski
61%
After the COVID-19 hiatus, NASCAR used a random draw to determine the starting lineup. They eventually announced a metric-based qualifying system. Which of the following was NOT used as one of the metrics?Fastest pit stop time
59%
Which of the following Cup Series playoff drivers was NOT eliminated after the Round of 16?Austin Dillon
57%
Which of the following nominees was NOT selected to be in the 2021 NASCAR Hall of Fame class?Ricky Rudd
57%
Who was the Rookie of the Year in the Gander RV & Outdoors Truck Series?Zane Smith
53%
Who was the Regular Season Champion in the Xfinity Series?Austin Cindric
39%
Who was the Regular Season Champion in the Gander RV & Outdoors Truck Series?Austin Hill
31%

Score Distribution

Percentile by Number Answered

Percent of People with Each Score

Your Score History

You have not taken this quiz